[Event "SF-2011-0-00087"]
[Site "LSS email"]
[Date "2011.03.11"]
[Round "?"]
[White "Markova, Stanislava"]
[Black "Razo, Ryan Jose"]
[Result "1/2-1/2"]
[WhiteElo "1087"]
[BlackElo "1118"]
[PlyCount "21"]
[EventDate "2011.01.20"]
[EventType "tourn (corr)"]
[EventRounds "6"]
[EventCountry "GER"]
[SourceTitle "Corr 2015"]
[Source "ChessBase"]
[SourceDate "2015.07.17"]
[SourceVersion "1"]
[SourceVersionDate "2015.07.17"]
[SourceQuality "1"]

1. c4 Nf6 2. Nc3 g6 3. g3 Bg7 4. Bg2 0-0 5. Nf3 d6 6. 0-0 e5 7. d3 Nc6 8. Bg5 h6 9. Bd2 Be6 10. Qc1 Kh7 11. a3 1/2-1/2

[Event "SF-2011-0-00087"]
[Site "LSS email"]
[Date "2011.03.11"]
[Round "?"]
[White "Slavin, Pablo"]
[Black "Markova, Stanislava"]
[Result "1-0"]
[WhiteElo "1168"]
[BlackElo "1087"]
[PlyCount "57"]
[EventDate "2011.01.20"]
[EventType "tourn (corr)"]
[EventRounds "6"]
[EventCountry "GER"]
[SourceTitle "Telechess CBM 149"]
[Source "ChessBase"]
[SourceDate "2012.07.17"]
[SourceVersion "1"]
[SourceVersionDate "2012.07.17"]
[SourceQuality "1"]

1. c4 c6 2. Nf3 Nf6 3. d4 d5 4. Nc3 dxc4 5. a4 Bf5 6. e3 e6 7. Bxc4 Bb4 8. 0-0 0-0 9. Ne5 c5 10. Qb3 Qc7 11. Nb5 Qb6 12. Nd3 a6 13. dxc5 Bxc5 14. Nxc5 Qxc5 15. Nd4 Be4 16. Bd2 Nc6 17. Nxc6 Qxc6 18. f3 Bd5 19. Rac1 Bxc4 20. Rxc4 Qd5 21. Bc3 Qd3 22. e4 Rfd8 23. Rc7 b5 24. Qb4 Qe3+ 25. Kh1 Qe2 26. Rg1 Nh5 27. Qe7 Rf8 28. Qg5 g6 29. Qe5 1-0

[Event "ZL-2010-0-00808"]
[Site "LSS email"]
[Date "2010.11.21"]
[Round "?"]
[White "Markova, Stanislava"]
[Black "Testa, Italo"]
[Result "0-1"]
[WhiteElo "1104"]
[BlackElo "1223"]
[PlyCount "44"]
[EventDate "2010.11.16"]
[EventType "match (corr)"]
[EventRounds "2"]
[EventCountry "GER"]
[SourceTitle "Telechess CBM 147"]
[Source "ChessBase"]
[SourceDate "2012.03.16"]
[SourceVersion "1"]
[SourceVersionDate "2012.03.16"]
[SourceQuality "1"]

1. c4 e5 2. Nc3 d6 3. g3 Nf6 4. Bg2 Nc6 5. e3 Bd7 6. Nge2 Be7 7. 0-0 0-0 8. d4 exd4 9. Nxd4 Nxd4 10. exd4 Qc8 11. Re1 Re8 12. Bg5 h6 13. Bf4 c6 14. d5 c5 15. Qb3 b6 16. Re2 Bf8 17. Rae1 Rxe2 18. Rxe2 Bh3 19. Nb5 Bxg2 20. Kxg2 Qd7 21. h4 Nh5 22. Bc1 Qg4 0-1

[Event "LSS SF-2010-0-00077"]
[Site "LSS email"]
[Date "2010.11.02"]
[Round "?"]
[White "Markova, Stanislava"]
[Black "Billion, Paul"]
[Result "1-0"]
[WhiteElo "1107"]
[BlackElo "769"]
[PlyCount "65"]
[EventDate "2010.10.07"]
[EventType "tourn (corr)"]
[EventRounds "6"]
[EventCountry "GER"]
[SourceTitle "Telechess CBM 145"]
[Source "Chessbase"]
[SourceDate "2011.11.11"]
[SourceVersion "1"]
[SourceVersionDate "2011.11.11"]
[SourceQuality "1"]

1. c4 c5 2. Nc3 Nc6 3. g3 e6 4. Bg2 Nf6 5. d3 a6 6. Bg5 Be7 7. Nh3 d5 8. cxd5 exd5 9. Nf4 d4 10. Na4 0-0 11. Bxf6 Bxf6 12. 0-0 Ne5 13. Nxc5 Rb8 14. Qb3 b6 15. Ne4 Ng6 16. Nd5 Be6 17. Ndxf6+ gxf6 18. Qa4 a5 19. Rac1 Bg4 20. Rc2 Ne5 21. Rfc1 f5 22. f4 Ng6 23. Nf2 Ne7 24. e4 fxe4 25. Nxe4 Nf5 26. Rc6 Kg7 27. Nf6 Be2 28. Qb5 Ne3 29. Qe5 Rg8 30. Qg5+ Kh8 31. Nxg8 Qxg8 32. Qf6+ Qg7 33. Rc8+ 1-0

[Event "LSS SF-2010-0-00077"]
[Site "LSS email"]
[Date "2010.11.02"]
[Round "?"]
[White "Markova, Stanislava"]
[Black "Hilton, Stephen H"]
[Result "1/2-1/2"]
[WhiteElo "1107"]
[BlackElo "1002"]
[PlyCount "42"]
[EventDate "2010.10.07"]
[EventType "tourn (corr)"]
[EventRounds "6"]
[EventCountry "GER"]
[SourceTitle "Telechess CBM 145"]
[Source "Chessbase"]
[SourceDate "2011.11.11"]
[SourceVersion "1"]
[SourceVersionDate "2011.11.11"]
[SourceQuality "1"]

1. c4 g6 2. Nc3 Bg7 3. g3 Nf6 4. Bg2 0-0 5. Nf3 d5 6. cxd5 Nxd5 7. 0-0 c6 8. d4 Nd7 9. Bf4 Nxf4 10. gxf4 Nf6 11. e4 Bg4 12. Qd3 Bxf3 13. Bxf3 e6 14. d5 cxd5 15. exd5 Nxd5 16. Nxd5 exd5 17. Qxd5 Qxd5 18. Bxd5 Bxb2 19. Rab1 Bd4 20. Rxb7 Rad8 21. Bb3 Bb6 1/2-1/2

[Event "LSS BI-2009-P-00026"]
[Site "LSS email"]
[Date "2009.04.19"]
[Round "?"]
[White "Nap, Pali"]
[Black "Markova, Stanislava"]
[Result "1-0"]
[WhiteElo "1716"]
[BlackElo "1143"]
[PlyCount "51"]
[EventDate "2009.04.20"]
[EventType "tourn (corr)"]
[EventRounds "10"]
[EventCountry "GER"]
[SourceTitle "Corr 2011"]
[Source "ChessBase"]
[SourceDate "2010.08.31"]
[SourceVersion "1"]
[SourceVersionDate "2010.08.31"]
[SourceQuality "1"]

1. d4 c6 2. e4 d5 3. Nc3 dxe4 4. Nxe4 Nd7 5. Nf3 Ngf6 6. Nxf6+ Nxf6 7. c3 Bf5 8. Ne5 e6 9. g4 Be4 10. f3 Bg6 11. h4 h5 12. g5 Nd5 13. Nxg6 fxg6 14. Qc2 Ne7 15. Bc4 Qd6 16. Qe4 Nd5 17. Qxg6+ Ke7 18. Bd2 Qg3+ 19. Kd1 Qxf3+ 20. Kc2 Qf5+ 21. Bd3 Qxg6 22. Bxg6 Kd7 23. Rhf1 Ne7 24. Bd3 g6 25. Rf7 Re8 26. Bxg6 1-0

[Event "LSS RF-2009-0-00028"]
[Site "LSS email"]
[Date "2009.03.16"]
[Round "?"]
[White "Ruslin, Alexey"]
[Black "Markova, Stanislava"]
[Result "1-0"]
[WhiteElo "1026"]
[BlackElo "1165"]
[PlyCount "49"]
[EventDate "2009.01.30"]
[EventType "tourn (corr)"]
[EventRounds "6"]
[EventCountry "GER"]
[SourceTitle "Corr 2011"]
[Source "ChessBase"]
[SourceDate "2010.08.31"]
[SourceVersion "1"]
[SourceVersionDate "2010.08.31"]
[SourceQuality "1"]

1. d4 c6 2. Nf3 d5 3. e3 Bf5 4. b3 Nf6 5. Bb2 e6 6. Be2 c5 7. Nbd2 Nc6 8. 0-0 Rc8 9. Ne5 Nxe5 10. dxe5 Nd7 11. Nf3 g6 12. c4 Nb6 13. cxd5 Nxd5 14. Bb5+ Ke7 15. Rc1 Bg7 16. Qe2 Bg4 17. h3 Bxf3 18. Qxf3 Qc7 19. Qg3 a6 20. Bc4 Nb4 21. a3 Nc6 22. f4 Na5 23. Qh4+ Ke8 24. a4 Qc6 25. Rfd1 1-0

[Event "LSS SF-2008-0-00020"]
[Site "LSS email"]
[Date "2009.02.15"]
[Round "?"]
[White "Albesa, Alfredo Ricardo"]
[Black "Markova, Stanislava"]
[Result "1-0"]
[WhiteElo "1309"]
[BlackElo "1143"]
[PlyCount "61"]
[EventDate "2008.11.07"]
[EventType "tourn (corr)"]
[EventRounds "6"]
[EventCountry "GER"]
[SourceTitle "Corr 2011"]
[Source "ChessBase"]
[SourceDate "2010.08.31"]
[SourceVersion "1"]
[SourceVersionDate "2010.08.31"]
[SourceQuality "1"]

1. e4 c6 2. d4 d5 3. Nc3 dxe4 4. Nxe4 Nd7 5. Bc4 Ngf6 6. Ng5 e6 7. Qe2 Nb6 8. Bd3 h6 9. N5f3 c5 10. dxc5 Bxc5 11. Ne5 0-0 12. Ngf3 Nbd7 13. Nxd7 Bxd7 14. 0-0 Qb6 15. Ne5 Rfd8 16. Nc4 Qc7 17. Qe5 Rac8 18. Qxc7 Rxc7 19. Bf4 Rcc8 20. Na5 Bc6 21. Nxc6 Rxc6 22. Rad1 Kf8 23. Rfe1 Ng4 24. Bg3 g5 25. b4 Bb6 26. Be2 Rxd1 27. Rxd1 Nf6 28. c4 Ne4 29. c5 Nxg3 30. hxg3 Bc7 31. Bb5 1-0

[Event "LSS SF-2008-0-00020"]
[Site "LSS email"]
[Date "2009.02.15"]
[Round "?"]
[White "Markova, Stanislava"]
[Black "Kyllo, Richard"]
[Result "1-0"]
[WhiteElo "1143"]
[BlackElo "963"]
[PlyCount "85"]
[EventDate "2008.11.07"]
[EventType "tourn (corr)"]
[EventRounds "6"]
[EventCountry "GER"]
[SourceTitle "Corr 2011"]
[Source "ChessBase"]
[SourceDate "2010.08.31"]
[SourceVersion "1"]
[SourceVersionDate "2010.08.31"]
[SourceQuality "1"]

1. c4 c5 2. Nc3 Nc6 3. g3 g6 4. Bg2 Bg7 5. e3 d6 6. Nge2 Nf6 7. 0-0 0-0 8. d4 Re8 9. Qa4 Bd7 10. dxc5 dxc5 11. Rd1 Qb6 12. Qb5 Qxb5 13. Nxb5 Rec8 14. b3 Bg4 15. Kf1 a6 16. Nbc3 Rc7 17. Na4 Nd7 18. Rb1 Rb8 19. Ba3 b6 20. Rd2 Nde5 21. Nec3 e6 22. h3 Bf5 23. e4 Bxh3 24. Bxh3 Nf3 25. Rd6 Be5 26. Rd3 Nfd4 27. Rbd1 h5 28. Bc1 Kh7 29. f4 Bg7 30. e5 Nb4 31. R3d2 Ndc2 32. Rd7 Rxd7 33. Rxd7 Kg8 34. Bg2 Kf8 35. Be4 Nd4 36. Be3 Nbc2 37. Bxc2 Nxc2 38. Bf2 Ke8 39. Ra7 a5 40. Nb5 Bf8 41. Nc7+ Kd8 42. Na6 Be7 43. Nxb8 1-0

[Event "LSS RF-2008-0-00024"]
[Site "LSS email"]
[Date "2009.01.31"]
[Round "?"]
[White "Nash, Chris"]
[Black "Markova, Stanislava"]
[Result "0-1"]
[WhiteElo "1019"]
[BlackElo "1112"]
[PlyCount "86"]
[EventDate "2009.01.21"]
[EventType "tourn (corr)"]
[EventRounds "6"]
[EventCountry "GER"]
[SourceTitle "Corr 2011"]
[Source "ChessBase"]
[SourceDate "2010.08.31"]
[SourceVersion "1"]
[SourceVersionDate "2010.08.31"]
[SourceQuality "1"]

1. e4 c6 2. d4 d5 3. Nc3 dxe4 4. Nxe4 Nd7 5. Nf3 Ngf6 6. Bd3 Nxe4 7. Bxe4 Nf6 8. Bd3 Bg4 9. h3 Bxf3 10. Qxf3 Qxd4 11. 0-0 Rd8 12. Rb1 Nd5 13. Be4 e6 14. Rd1 Qb6 15. Bg5 Be7 16. Bxe7 Nxe7 17. Rxd8+ Qxd8 18. Rd1 Qb6 19. b3 Nd5 20. Bxd5 cxd5 21. Qc3 0-0 22. Qd4 Qa5 23. a4 h5 24. Qe5 g6 25. c4 Rd8 26. cxd5 Rxd5 27. Rxd5 Qxd5 28. Qe3 b6 29. Qc3 e5 30. Qc2 Kg7 31. f3 Qc5+ 32. Qxc5 bxc5 33. Kf2 f5 34. Ke3 Kf6 35. Kd3 Ke6 36. Kc4 Kd6 37. g3 g5 38. a5 a6 39. Kc3 e4 40. fxe4 fxe4 41. Kd2 Ke5 42. Ke3 Kd5 43. g4 hxg4 0-1

[Event "LSS ZL-2009-0-00448"]
[Site "LSS email"]
[Date "2009.01.15"]
[Round "?"]
[White "Goti, Javier"]
[Black "Markova, Stanislava"]
[Result "0-1"]
[WhiteElo "1035"]
[BlackElo "1028"]
[PlyCount "36"]
[EventDate "2009.01.11"]
[EventType "match (corr)"]
[EventRounds "2"]
[EventCountry "GER"]
[SourceTitle "Corr 2011"]
[Source "ChessBase"]
[SourceDate "2010.08.31"]
[SourceVersion "1"]
[SourceVersionDate "2010.08.31"]
[SourceQuality "1"]

1. c4 e5 2. Nc3 Nf6 3. g3 d5 4. cxd5 Nxd5 5. Bg2 Nb6 6. e3 Bb4 7. Nge2 0-0 8. 0-0 c6 9. f4 Qe7 10. fxe5 Qxe5 11. d4 Qh5 12. Qd3 Be6 13. b3 a5 14. Nf4 Qh6 15. Bb2 a4 16. a3 Bxc3 17. Bxc3 Bxb3 18. e4 Bc4 0-1

[Event "LSS SF-2008-0-00018"]
[Site "LSS email"]
[Date "2009.01.12"]
[Round "?"]
[White "Markova, Stanislava"]
[Black "Ong, Allan C"]
[Result "1-0"]
[WhiteElo "1060"]
[BlackElo "787"]
[PlyCount "31"]
[EventDate "2009.01.08"]
[EventType "tourn (corr)"]
[EventRounds "6"]
[EventCountry "GER"]
[SourceTitle "Corr 2011"]
[Source "ChessBase"]
[SourceDate "2010.08.31"]
[SourceVersion "1"]
[SourceVersionDate "2010.08.31"]
[SourceQuality "1"]

1. c4 f5 2. Nc3 e6 3. Nf3 d5 4. cxd5 exd5 5. d4 Nf6 6. Bg5 c6 7. e3 Bd6 8. Bd3 0-0 9. 0-0 Qe8 10. Qc2 Ne4 11. Ne2 Nxg5 12. Nxg5 Qg6 13. Nh3 Qg4 14. Nef4 Rf6 15. g3 Rh6 16. Be2 1-0

[Event "LSS SF-2008-0-00018"]
[Site "LSS email"]
[Date "2009.01.12"]
[Round "?"]
[White "Markova, Stanislava"]
[Black "Schoenbuchner, Gerhard"]
[Result "0-1"]
[WhiteElo "1060"]
[BlackElo "1087"]
[PlyCount "60"]
[EventDate "2009.01.08"]
[EventType "tourn (corr)"]
[EventRounds "6"]
[EventCountry "GER"]
[SourceTitle "Corr 2011"]
[Source "ChessBase"]
[SourceDate "2010.08.31"]
[SourceVersion "1"]
[SourceVersionDate "2010.08.31"]
[SourceQuality "1"]

1. c4 e5 2. Nc3 Nf6 3. g3 Nc6 4. Bg2 Bc5 5. e3 d6 6. Nge2 Be6 7. b3 Qd7 8. d4 exd4 9. exd4 Bb4 10. d5 Bg4 11. dxc6 bxc6 12. Bb2 0-0 13. 0-0 Rae8 14. Re1 Re7 15. Qd2 Rfe8 16. Nd4 c5 17. Bc6 Rxe1+ 18. Rxe1 Rxe1+ 19. Qxe1 Qd8 20. Nc2 Kf8 21. Nxb4 cxb4 22. Nb5 a6 23. Bxf6 gxf6 24. Nd4 Qe7 25. Qxb4 Kg7 26. Bf3 Bh3 27. g4 Qe5 28. Qd2 c5 29. Nf5+ Kg8 30. Qxd6 Qe1# 0-1

[Event "LSS SF-2008-0-00018"]
[Site "LSS email"]
[Date "2009.01.11"]
[Round "?"]
[White "Goti, Javier"]
[Black "Markova, Stanislava"]
[Result "0-1"]
[WhiteElo "1035"]
[BlackElo "1028"]
[PlyCount "56"]
[EventDate "2009.01.08"]
[EventType "tourn (corr)"]
[EventRounds "6"]
[EventCountry "GER"]
[SourceTitle "Corr 2011"]
[Source "ChessBase"]
[SourceDate "2010.08.31"]
[SourceVersion "1"]
[SourceVersionDate "2010.08.31"]
[SourceQuality "1"]

1. c4 c6 2. Nc3 d5 3. cxd5 cxd5 4. e3 Nc6 5. g3 d4 6. exd4 Nxd4 7. Bg2 Qb6 8. h3 Bf5 9. Nf3 Nc2+ 10. Qxc2 Bxc2 11. 0-0 e6 12. Re1 Bc5 13. d4 Be7 14. b3 Bf6 15. Na4 Qb5 16. Nc5 Rd8 17. Bb2 Ne7 18. Rac1 Bg6 19. Ne5 b6 20. a4 Qb4 21. Nb7 Rc8 22. Nc6 Nxc6 23. Bc3 Qe7 24. Bxc6+ Rxc6 25. Ba1 Qxb7 26. g4 Ke7 27. b4 Rhc8 28. Rxc6 Qxc6 0-1

[Event "LSS ZL-2008-0-00359"]
[Site "LSS email"]
[Date "2008.05.12"]
[Round "?"]
[White "Markova, Stanislava"]
[Black "Koziol, Pawel"]
[Result "0-1"]
[WhiteElo "1104"]
[BlackElo "1356"]
[PlyCount "28"]
[EventDate "2008.05.11"]
[EventType "match (corr)"]
[EventRounds "2"]
[EventCountry "GER"]
[SourceTitle "Corr 2013"]
[Source "ChessBase"]
[SourceDate "2012.11.12"]
[SourceVersion "1"]
[SourceVersionDate "2012.11.12"]
[SourceQuality "1"]

1. c4 c5 2. Nc3 g6 3. g3 Bg7 4. Bg2 Nc6 5. Nf3 e5 6. 0-0 Nge7 7. e3 0-0 8. Ne2 d5 9. d4 cxd4 10. cxd5 Nxd5 11. exd4 e4 12. Ng5 f5 13. h4 h6 14. Nh3 Kh7 0-1